| 000 | 01001nam a22002537a 4500 | ||
|---|---|---|---|
| 999 |
_c63488 _d63488 |
||
| 005 | 20240530110644.0 | ||
| 008 | 171026s2016 ua g b 000 0 ara d | ||
| 017 |
_a2015/14387 _bمصر. دار الكتب |
||
| 020 | _a9789773506636 | ||
| 040 |
_aEG-CaGPL _cEG-CaGPL |
||
| 082 | 0 | 4 |
_221 _a345.02323 / _bم د |
| 100 | 0 | _aمصطفى السعداوى | |
| 245 | 1 | 0 |
_aدور القانون الجنائى والشريعة الاسلامية فى مواجهة الفساد السياسى / _cمصطفى السعداوى |
| 250 | _aط.1 | ||
| 260 |
_aالقاهرة : _bدار الكتاب الحديث ، _c2016. |
||
| 300 |
_a330 ص. ؛ _c24 سم. |
||
| 490 | 0 | _aالموسوعة القانونية للحقوق السياسية | |
| 504 | _aيشتمل على ارجاعات ببليوجرافية | ||
| 650 | 0 | 7 |
_2qrmak _aالفساد السياسى |
| 650 | 0 | 7 |
_2qrmak _aالقانون الجنائى |
| 651 | _2qrmak | ||
| 942 |
_2ddc _cBK |
||